Masters of enterprise: Giants of American Business (Record no. 1256531)
[ view plain ]
| 000 -LEADER | |
|---|---|
| fixed length control field | 00563nam a2200193Ia 4500 |
| 005 - DATE AND TIME OF LATEST TRANSACTION | |
| control field | 20250317124701.0 |
| 008 - FIXED-LENGTH DATA ELEMENTS--GENERAL INFORMATION | |
| fixed length control field | 008 250317s9999 xx 000 0 eng d |
| 020 ## - INTERNATIONAL STANDARD BOOK NUMBER | |
| International Standard Book Number | 0-684-85473-2 |
| 040 ## - CATALOGING SOURCE | |
| Original cataloging agency | FMSL |
| Language of cataloging | eng |
| Transcribing agency | FMSL |
| 041 ## - LANGUAGE CODE | |
| Language code of text/sound track or separate title | eng |
| Source of code | eng |
| 084 ## - COLON CLASSIFICATION NUMBER | |
| Classification number | X9Sw.73 N9 |
| Assigning agency | FMSL |
| 100 ## - MAIN ENTRY--PERSONAL NAME | |
| Personal name | Brands H W |
| 9 (RLIN) | 742771 |
| 245 #0 - TITLE STATEMENT | |
| Title | Masters of enterprise: Giants of American Business |
| 260 ## - PUBLICATION, DISTRIBUTION, ETC. | |
| Place of publication, distribution, etc. | New York |
| Name of publisher, distributor, etc. | New York, The Free Press |
| Date of publication, distribution, etc. | 1999 |
| 300 ## - PHYSICAL DESCRIPTION | |
| Extent | xi,354 |
| 942 ## - ADDED ENTRY ELEMENTS (KOHA) | |
| Koha item type | Textbook |
| Classification part | X9Sw.73 N9 |
No items available.
